<?xml version="1.0" encoding="UTF-8"?>
<record
    xmlns:xsi="http://www.w3.org/2001/XMLSchema-instance"
    xsi:schemaLocation="http://www.loc.gov/MARC21/slim http://www.loc.gov/standards/marcxml/schema/MARC21slim.xsd"
    xmlns="http://www.loc.gov/MARC21/slim">

  <leader>00775    a2200181   4500</leader>
  <datafield tag="952" ind1=" " ind2=" ">
    <subfield code="0">0</subfield>
    <subfield code="1">0</subfield>
    <subfield code="4">0</subfield>
    <subfield code="7">0</subfield>
    <subfield code="8">NFIC</subfield>
    <subfield code="a">CCL</subfield>
    <subfield code="b">CCL</subfield>
    <subfield code="c">GEN</subfield>
    <subfield code="d">2021-03-24</subfield>
    <subfield code="e">Donation</subfield>
    <subfield code="i">22230</subfield>
    <subfield code="l">0</subfield>
    <subfield code="o">PK6480 RUM 1989</subfield>
    <subfield code="p">000850</subfield>
    <subfield code="r">2021-03-24 00:00:00</subfield>
    <subfield code="t">c.1</subfield>
    <subfield code="w">2021-03-24</subfield>
    <subfield code="y">BK</subfield>
  </datafield>
  <datafield tag="999" ind1=" " ind2=" ">
    <subfield code="c">4853</subfield>
    <subfield code="d">4853</subfield>
  </datafield>
  <datafield tag="020" ind1=" " ind2=" ">
    <subfield code="a">0962297305 :</subfield>
  </datafield>
  <datafield tag="050" ind1="0" ind2="0">
    <subfield code="a">PK6480 RUM 1989</subfield>
  </datafield>
  <datafield tag="100" ind1="0" ind2=" ">
    <subfield code="a"></subfield>
    <subfield code="d">1207-1273.</subfield>
    <subfield code="e">author</subfield>
  </datafield>
  <datafield tag="245" ind1="1" ind2="0">
    <subfield code="a">Love's fire :</subfield>
    <subfield code="b"></subfield>
    <subfield code="c">[translated by] Andrew Harvey.</subfield>
  </datafield>
  <datafield tag="264" ind1=" " ind2=" ">
    <subfield code="a">New York:</subfield>
    <subfield code="b">Meeramma,</subfield>
    <subfield code="c">1989.</subfield>
  </datafield>
  <datafield tag="300" ind1=" " ind2=" ">
    <subfield code="a">108 p. ;</subfield>
  </datafield>
  <datafield tag="500" ind1=" " ind2=" ">
    <subfield code="a"></subfield>
  </datafield>
  <datafield tag="500" ind1=" " ind2=" ">
    <subfield code="a">"First published 1988 by Jonathan Cape, London"--T.p. verso.</subfield>
  </datafield>
  <datafield tag="650" ind1=" " ind2="0">
    <subfield code="a">Sufi poetry, Persian</subfield>
    <subfield code="x">Translations into English.</subfield>
  </datafield>
  <datafield tag="700" ind1="1" ind2=" ">
    <subfield code="a">Harvey, Andrew,</subfield>
    <subfield code="d">1952-</subfield>
    <subfield code="e">translator</subfield>
  </datafield>
  <datafield tag="700" ind1="0" ind2="2">
    <subfield code="a"></subfield>
    <subfield code="c">Maulana,</subfield>
    <subfield code="d">1207-1273.</subfield>
    <subfield code="t"></subfield>
    <subfield code="k">Selections.</subfield>
    <subfield code="l">English.</subfield>
    <subfield code="f">1988.</subfield>
  </datafield>
  <datafield tag="942" ind1=" " ind2=" ">
    <subfield code="2">lcc</subfield>
    <subfield code="c">BK</subfield>
    <subfield code="h">6480</subfield>
    <subfield code="i">RUM</subfield>
    <subfield code="k">PK</subfield>
  </datafield>
</record>
